|
|
|
|
| LEADER |
00000nab a2200000 a 4500 |
| 001 |
vtls010104597 |
| 003 |
SK-MaSNL |
| 005 |
20260426091734.0 |
| 008 |
250708|2010 xo |||||||||||1|| b|slo |
| 015 |
|
|
|a SNBRB2010/06
|2 snkbucl
|
| 035 |
|
|
|a (uuid)2f74db0d-c3d0-47f4-bab0-11a2ea80ce1c
|
| 035 |
|
|
|a urn:nbn:sk:snk-ab2opn
|
| 035 |
|
|
|a (urnnbn)urn:nbn:sk:snk:ar-a02ph8
|
| 038 |
|
|
|a SNKBUCL
|
| 040 |
|
|
|a SNKBUCL
|b slo
|c SNKBUCL
|e AACR2
|
| 041 |
0 |
|
|a slo
|b eng
|
| 044 |
|
|
|a xo
|c SK
|
| 080 |
|
|
|a 069.5:002.1
|2 2001
|
| 080 |
|
|
|a 902.2:903.02
|x (437.6)
|2 2001
|
| 080 |
|
|
|a 903.02:902.2
|x (437.6)
|2 2001
|
| 100 |
1 |
|
|a Šteiner, Pavol,
|d 1976-
|4 aut
|9 169162
|
| 245 |
1 |
0 |
|a Možnosti spracovania veľkých súborov pravekých keramických nálezov
|c Pavol Šteiner
|
| 504 |
|
|
|a Biblliogr. odkazy
|
| 546 |
|
|
|a Res. angl.
|
| 650 |
0 |
7 |
|a keramika
|2 snkbucl
|9 3061
|
| 650 |
0 |
7 |
|a pravek
|2 snkbucl
|9 4261
|
| 650 |
0 |
7 |
|a archeologické nálezy
|2 snkbucl
|9 4975
|
| 650 |
0 |
7 |
|a múzeá
|2 snkbucl
|9 4119
|
| 650 |
0 |
7 |
|a múzejná dokumentácia
|2 snkbucl
|9 84484
|
| 650 |
0 |
7 |
|a teória a metodika
|2 snkbucl
|9 737390
|
| 651 |
|
7 |
|a Slovensko
|2 snkbucl
|9 14231
|
| 655 |
|
7 |
|a štúdie
|2 snkbucl
|9 57033
|
| 773 |
0 |
|
|t Múzeum
|g Roč. LVI, č. 1 (2010), s. 24-27 a 52
|x 0027-5263
|
| 850 |
|
|
|a Slovenská národná knižnica
|
| 852 |
|
|
|a Slovenská národná knižnica
|
| 954 |
|
|
|a odborná, vedecká literatúra pôvodná (slovenská)
|2 lita
|
| 958 |
|
|
|a article27
|
| 958 |
|
|
|a OND
|
| 958 |
|
|
|a EUIPO
|
| 999 |
|
|
|c 3034849
|d 3036779
|